Focus on life science / (Record no. 16651)
[ view plain ]
| 000 -LEADER | |
|---|---|
| fixed length control field | 00500nam a2200181 a 4500 |
| 020 ## - INTERNATIONAL STANDARD BOOK NUMBER | |
| ISBN | 0675031613 |
| 040 ## - CATALOGING SOURCE | |
| Transcribing agency | DLC |
| 082 00 - DEWEY DECIMAL CLASSIFICATION NUMBER | |
| Classification number | 574 MER 1984 A109 Or. |
| 100 1# - MAIN ENTRY--AUTHOR NAME | |
| Personal name | Heimler, Charles H. |
| 245 10 - TITLE STATEMENT | |
| Title | Focus on life science / |
| 250 ## - EDITION STATEMENT | |
| Edition statement | Teacher's annotated ed. |
| 260 ## - PUBLICATION, DISTRIBUTION, ETC. (IMPRINT) | |
| Place of publication | Columbus, Ohio : |
| Name of publisher | C.S. Merrill Pub. Co., |
| Year of publication | c1984. |
| 300 ## - PHYSICAL DESCRIPTION | |
| Number of Pages | 126, viii, 536 p. : |
| Other physical details | ill. (some col.) ; |
| Dimensions | 24 cm. |
| 650 #0 - SUBJECT ADDED ENTRY--TOPICAL TERM | |
| Topical Term | Life sciences. |
| 700 1# - ADDED ENTRY--PERSONAL NAME | |
| Personal name | Daniel, Lucy. |
| 700 1# - ADDED ENTRY--PERSONAL NAME | |
| Personal name | Lockard, J. David. |
| 942 ## - ADDED ENTRY ELEMENTS (KOHA) | |
| Koha item type | សៀវភៅភាសាអង់គ្លេស |
| 952 ## - LOCATION AND ITEM INFORMATION (KOHA) | |
| Withdrawn status [LOCAL, KOHA] | 0 |
| Permanent Location | Date acquired | Koha item type | Lost status | Shelving location | Barcode | Current Location | Full call number |
|---|---|---|---|---|---|---|---|
| Library Block A | 2018-03-21 | សៀវភៅភាសាអង់គ្លេស | A106 | A19402 | Library Block A | 574 MER 1984 A106 Or. |